Technická mechanika.

Uložené v:
Podrobná bibliografia
Hlavný autor: BINDER, R. (Author)
Médium: Kniha
Vydané: 1986
Tagy: Pridať tag
Žiadne tagy, Buďte prvý kto otaguje tento záznam!

MARC

LEADER 00000nam a2200000 a 4500
001 000219613
005 00000000000000.0
008 040101s1986 e o
100 1 |a BINDER, R.  |4 aut 
245 1 0 |a Technická mechanika. 
260 |c 1986 
500 |a Záznam neprešiel kontrolou 
910 |a svkkk 
998 |a BK 
090 |g SCKHL  |k Sklad Pribinova 2. posch.  |a III.136299  |j 731722  |i 2720431674  |s Absenčne